قصر الملك عبد الله بن الحسين في مدينة معان : (Record no. 24664)
[ view plain ]
| 000 -LEADER | |
|---|---|
| fixed length control field | 00917nam a22002177a 4500 |
| 005 - DATE AND TIME OF LATEST TRANSACTION | |
| control field | 20251108165315.0 |
| 008 - FIXED-LENGTH DATA ELEMENTS--GENERAL INFORMATION | |
| fixed length control field | 250721s1994 xx 000 0 ara d |
| 082 14 - DEWEY DECIMAL CLASSIFICATION NUMBER | |
| Classification number | 956.55/طرا |
| 100 1# - MAIN ENTRY--PERSONAL NAME | |
| Personal name | الطراونه، محمد سالم غثيان |
| 245 10 - TITLE STATEMENT | |
| Title | قصر الملك عبد الله بن الحسين في مدينة معان : |
| Remainder of title | دراسة تاريخيه و معماريه / |
| 264 1# - PRODUCTION, PUBLICATION, DISTRIBUTION, MANUFACTURE, AND COPYRIGHT NOTICE | |
| Place of production, publication, distribution, manufacture | الكرك : |
| Name of producer, publisher, distributor, manufacturer | جامعة مؤته- عمادة البحث العلمي والدراسات العليا - لجنة التراث، |
| Date of production, publication, distribution, manufacture, or copyright notice | 1994. |
| 300 ## - PHYSICAL DESCRIPTION | |
| Extent | 88ص : مص |
| 500 ## - GENERAL NOTE | |
| General note | رقم التزويد لنسخة ابو علندا هي 834 التي تحمل رقم PLD00072294 |
| 650 17 - SUBJECT ADDED ENTRY--TOPICAL TERM | |
| Topical term or geographic name as entry element | تاريخ الأردن |
| 650 17 - SUBJECT ADDED ENTRY--TOPICAL TERM | |
| Topical term or geographic name as entry element | معان |
| 650 17 - SUBJECT ADDED ENTRY--TOPICAL TERM | |
| Topical term or geographic name as entry element | إمارة شرق الأردن |
| 700 1# - ADDED ENTRY--PERSONAL NAME | |
| Personal name | الصرايره، حاتم |
| 700 1# - ADDED ENTRY--PERSONAL NAME | |
| Personal name | الطراونه، سليمان |
| 942 ## - ADDED ENTRY ELEMENTS (KOHA) | |
| Source of classification or shelving scheme | Dewey Decimal Classification |
| Koha item type | Books |
| حالة السحب | حالة الفقدان | مصدر التصنيف | حالة التلف | غير قابل للإعارة | المكتبة الرئيسية | المكتبة الحالية | موقع الرف | تاريخ التزويد | الرقم المتسلسل | Total Checkouts | رقم الإستدعاء | الباركود | تاريخ آخر ظهور | تاريخ الفاتورة | نوع المادة (كوها) |
|---|---|---|---|---|---|---|---|---|---|---|---|---|---|---|---|
| Dewey Decimal Classification | مكتبة أبو علندا العامة | مكتبة أبو علندا العامة | الإعارة | 06/07/2004 | 662 | 956.55/طرا | DUP-01_662 | 28/07/2025 | 06/07/2004 | Books | |||||
| Dewey Decimal Classification | مكتبة أبو علندا العامة | مكتبة أبو علندا العامة | الإعارة | 07/11/2015 | [1211]] | 956.55/طرا | PLD00362454 | 28/07/2025 | 07/11/2015 | Books | |||||
| Dewey Decimal Classification | مكتبة الأميرة ايمان العامة | مكتبة الأميرة ايمان العامة | الإعارة | 06/07/2004 | 499 | 956.55/طرا | DUP-02_499 | 28/07/2025 | 06/07/2004 | Books | |||||
| Dewey Decimal Classification | مكتبة الاميرة بديعة | مكتبة الاميرة بديعة | الإعارة | 06/07/2004 | 3805 | 956.55/طرا | DUP-02_3805 | 28/07/2025 | 06/07/2004 | Books | |||||
| Dewey Decimal Classification | مكتبة الجويدة | مكتبة الجويدة | الإعارة | 06/07/2004 | 3494 | 956.55/طرا | 3494 | 28/07/2025 | 06/07/2004 | Books | |||||
| Dewey Decimal Classification | مكتبة النصر العامة | مكتبة النصر العامة | الإعارة | 06/07/2004 | 5693 | 956.55/طرا | 5693 | 28/07/2025 | 06/07/2004 | Books | |||||
| Dewey Decimal Classification | Not For Loan | مكتبة تاريخ الأردن | مكتبة تاريخ الأردن | لا يعار | 07/11/2009 | 1329107 | 956.55/طرا | PLD00117508 | 28/07/2025 | 07/11/2009 | Books | ||||
| Dewey Decimal Classification | Not For Loan | مكتبة تاريخ الأردن | مكتبة تاريخ الأردن | لا يعار | 13/02/2011 | 1419034 | 956.55/طرا | PLD00191348 | 28/07/2025 | 13/02/2011 | Books | ||||
| Dewey Decimal Classification | Not For Loan | مكتبة تاريخ الأردن | مكتبة تاريخ الأردن | لا يعار | 13/10/2016 | 1605197 | 956.55/طرا | PLD00396564 | 28/07/2025 | 13/10/2016 | Books | ||||
| Dewey Decimal Classification | مكتبة صويلح العامة | مكتبة صويلح العامة | الإعارة | 06/07/2004 | 7219 | 956.55/طرا | 7219 | 28/07/2025 | 06/07/2004 | Books | |||||
| Dewey Decimal Classification | مكتبة وادي السير العامة | مكتبة وادي السير العامة | الإعارة | 24/03/2016 | [4264].... | 956.55/طرا | PLD00382299 | 28/07/2025 | 24/03/2016 | Books |